1516 1626 1360 1945 1452 1122 1355 1677 1702 1042 1681 1908 1012 1866 1296 1748 1876 1537 1458 1062 1272 1299 1870 1575 1783 1133 1732 1875 1334 1462 1403 1443 1584 1514 1461 1953 1762 1361 1226 1202 1554 1473 1375 1030 1088 1341 1703 1770 1764 1329 1861 1959 1533 1253 1255 1769 1791 1095 1590 1876 1619 1170 1000 1609 1224 1990 1218 1708 1267 1511 1416 1332 1522 1373 1554 1791 1466 1496 1903 1231 1041 1212 1169 1011 1881 1959 1802 1504 1719 1436 1126 1447 1188 1059 1047 1217 1512 1350 1349 BCNSPRNW ULIB Ver.6.0+V

เปลี่ยนเป็นภาษาไทย

Change to English
 แสดงรายละเอียดบรรณานุกรม
  กลับหน้าหลัก

Brief Record : Get Marc (ISO 2709) : E-mail record : QR code < ปิดหน้าต่าง
LEADER : 00000nam 2200000uu 4500
001    13399121252
003     ULIB
008    121113s2549||||th 000 0 tha d
020    ^a9749106466
050 04 ^aPE1118^bป332ค 2549
100 0  ^aประเพศ ไกรจันทร์
245 10 ^aคู่มือการเรียน Tenses =^bHandbook of learning tenses /^cประเพศ ไกรจันทร์
246 31 ^aHandbook of learning tenses
250    ^aพิมพ์ครั้งที่ 4
260    ^aกรุงเทพฯ :^bพี. เอส. เพรส,^c2551
300    ^a178 หน้า ;^c27 ซม
650  7 ^aภาษาอังกฤษ^xกาล (ไวยากรณ์)
650  7 ^aภาษาอังกฤษ^xไวยากรณ์
945    ^p140^l0^i14222
995    ^aกัณชพร
999 ^a กัณชพร
รายการนี้ยังไม่มีแท็ก
คุณยังไม่ได้ล็อกอิน คุณสามารถมีกิจกรรมร่วมกับเว็บไซต์ได้ แต่ต้องล็อกอินก่อน ::
  ล็อกอิน

รายการสื่อสารสนเทศ

ลำดับที่ ประเภท เลขเรียก/บาร์โค้ด สถานที่ สถานะ
1. วิทยาศาสตร์การแพทย์ และสุขภาพ
วิทยาศาสตร์การแพทย์ และสุขภาพ
PE1118 ป332ค 2549  
  Barcode: 14222
ห้องสมุดวิทยาเขตสวรรค์ประชารักษ์
►หนังสือทั่วไป
บนชั้น

รายการใกล้เคียง
    ผู้แต่ง [ประเพศ ไกรจันทร์]

BibComment


ยังไม่เคยถูกคอมเมนท์

คอมเมนท์ทรัพยากรรายการนี้
  คอมเมนท์: คู่มือการเรียน T..


 Copyright 2026. Bcnsprnw @Library